Mystery Taylor Swift Song #143 - Statistics

General Stats
  • This quiz has been taken 203 times
  • The average score is 89 of 146
Answer Stats
Song % Correct
a
97%
(I
97%
I
97%
love
97%
the
97%
you)
97%
you
97%
He
89%
in
89%
me
89%
my
89%
We
89%
And
87%
when
86%
boy
85%
go
85%
Lover
85%
to
85%
is
84%
know
84%
London
84%
Like
83%
where
83%
be
82%
So
82%
on
80%
They
80%
your
80%
But
79%
afternoon
78%
are
78%
can
78%
then
78%
mine
76%
all
74%
American
74%
London Boy
74%
not
74%
of
74%
(oh)
74%
oh
74%
say
74%
smile
74%
enjoy
73%
that's
73%
as
72%
his
72%
I'm
72%
likes
72%
home
71%
heart
70%
with
70%
darling
69%
fancy
69%
our
69%
don't
68%
eyes
68%
just
67%
walking
67%
child
66%
meet
65%
English
64%
him
64%
saw
64%
scooter
64%
high
63%
(wanna
63%
wanna
63%
lives
62%
time
62%
back
61%
God
61%
true
61%
best
60%
much
60%
accent
59%
heard
59%
rumors
59%
hometown
57%
mates
57%
from
56%
Took
56%
blue
55%
friends
55%
good
55%
Tennessee
55%
guess
54%
met
54%
(yeah)
54%
End
53%
up
53%
whiskey
53%
Babe
52%
first
52%
have
52%
jeans
52%
now
52%
Camden
51%
drivin'
51%
something
51%
dimples
50%
laughing
50%
tea
50%
West
50%
find
49%
happened
48%
school
48%
faded
47%
pub
47%
rugby
47%
threaten
47%
nights
46%
SoCal
46%
watching
45%
Springsteen
44%
Street
44%
Highgate
43%
Motown
43%
ride
43%
(ooh)
42%
Show
42%
sky
42%
uni
41%
grey
40%
cab
39%
Doesn't
39%
stories
39%
Market
38%
queen
37%
rainy
37%
riding
37%
Stella
37%
Brixton
36%
V
36%
McCartney
34%
Soho
34%
drinking
33%
Stick
30%
Uh
30%
Louis
28%
please
27%
Shoreditch
27%
Heath
26%
Bond
25%
Hackney
18%
Alright
11%
No matching quizzes found
Score Distribution
Percent of People with Each Score
Percentile by Number Answered
Your Score History
You have not taken this quiz